The noble scholar, jurist, historian


 His Excellency Dr. Abdul Wahhab bin Ibrahim Abu Sulaiman, may Allah have mercy on him.


 He was born in Umm Al-Qura in the year 1356 AH.

شرح جوهرة التوحيد / (Record no. 9916)

MARC details
000 -LEADER
fixed length control field 01372cam a22002891i 4500
003 - CONTROL NUMBER IDENTIFIER
control field SA-RiAUC
005 - DATE AND TIME OF LATEST TRANSACTION
control field 20250714061024.0
008 - FIXED-LENGTH DATA ELEMENTS--GENERAL INFORMATION
fixed length control field 250711s1972 sy g 00000 ara c
040 ## - CATALOGING SOURCE
Original cataloging agency SA-RiKAPL
Language of cataloging ara
Transcribing agency SA-RiAUC
Description conventions rda
082 04 - DEWEY DECIMAL CLASSIFICATION NUMBER
Classification number 240
Assigning agency SA-RiAUC
090 #4 - LOCALLY ASSIGNED LC-TYPE CALL NUMBER (OCLC); LOCAL CALL NUMBER (RLIN)
Classification number (OCLC) (R) ; Classification number, CALL (RLIN) (NR) 240
Local cutter number (OCLC) ; Book number/undivided call number, CALL (RLIN) ب ا ج
100 1# - MAIN ENTRY--PERSONAL NAME
Personal name الباجوري، إبراهيم بن محمد بن أحمد،
Dates associated with a name 1198-1277 هجري
Relator term مؤلف.
245 10 - TITLE STATEMENT
Title شرح جوهرة التوحيد /
Statement of responsibility, etc. تأليف إبراهيم بن محمد الباجوري ؛ تحقيق محمد أديب الكيلاني، عبد الكريم تتان ؛ مراجعة عبد الكريم الرفاعي.
264 #1 - PRODUCTION, PUBLICATION, DISTRIBUTION, MANUFACTURE, AND COPYRIGHT NOTICE
Place of production, publication, distribution, manufacture دمشق :
Name of producer, publisher, distributor, manufacturer إبراهيم بن محمد الباجوري،
Date of production, publication, distribution, manufacture, or copyright notice 1972.
300 ## - PHYSICAL DESCRIPTION
Extent 516 صفحة ؛
Dimensions 24 سم
336 ## - CONTENT TYPE
Content type term نص
Content type code txt
Source rdacontent
Materials specified كتاب
337 ## - MEDIA TYPE
Media type term بدون وسيط
Media type code n
Source rdamedia
338 ## - CARRIER TYPE
Carrier type term مجلد
Carrier type code nc
Source rdacarrier
650 #7 - SUBJECT ADDED ENTRY--TOPICAL TERM
Topical term or geographic name entry element علم الكلام
Source of heading or term aucsh
700 1# - ADDED ENTRY--PERSONAL NAME
Personal name الكيلاني، محمد أديب،
Dates associated with a name 1937-1982
Relator term محقق.
700 1# - ADDED ENTRY--PERSONAL NAME
Personal name تتان، عبد الكريم،
Dates associated with a name 1941-
Relator term محقق.
700 1# - ADDED ENTRY--PERSONAL NAME
Personal name الرفاعي، عبد الكريم،
Dates associated with a name 1901-1973
Relator term مراجع.
700 12 - ADDED ENTRY--PERSONAL NAME
Personal name اللقاني، إبراهيم بن إبراهيم بن حسن،
Dates associated with a name توفي 1041 هجري
740 02 - ADDED ENTRY--UNCONTROLLED RELATED/ANALYTICAL TITLE
Uncontrolled related/analytical title جوهرة التوحيد.
942 ## - ADDED ENTRY ELEMENTS (KOHA)
Source of classification or shelving scheme Dewey Decimal Classification
Koha item type Books
Suppress in OPAC No
949 ## - LOCAL PROCESSING INFORMATION (OCLC)
a SA-JeALM
d 250711
u mohamedma123
n 1
Holdings
Withdrawn status Lost status Source of classification or shelving scheme Damaged status Not for loan Home library Current library Date acquired Total checkouts Full call number Barcode Date last seen Price effective from Koha item type
    Dewey Decimal Classification     DR AbdElwahab Library DR AbdElwahab Library 07/14/2025   240 ب ا ج 000016073 07/14/2025 07/14/2025 Books